Χωροθέτηση αυτόματων μετεωρολογικών σταθμών στη νήσο Λέσβο με τη χρήση μεθόδων γεωπληροφορικής : μεταπτυχιακή διατριβή

Αποθηκεύτηκε σε:
Λεπτομέρειες βιβλιογραφικής εγγραφής
Κύριος συγγραφέας: Παπαδημητρίου, Κυριακή
Συγγραφή απο Οργανισμό/Αρχή: Πανεπιστήμιο Αιγαίου Σχολή Κοινωνικών Επιστημών Τμήμα Γεωγραφίας Μεταπτυχιακό Πρόγραμμα Σπουδών Γεωγραφία και Εφαρμοσμένη Γεωπληροφορική
Μορφή: Thesis Βιβλίο
Γλώσσα:Greek
Δημοσίευση: 2007.
Θέματα:
Διαθέσιμο Online:http://hdl.handle.net/11610/11252
Ετικέτες: Προσθήκη ετικέτας
Δεν υπάρχουν, Καταχωρήστε ετικέτα πρώτοι!

MARC

LEADER 00000cam a2200000 i 4500
001 1/196
008 090618s2007 gr | ||| |||| ||gre||
035 |l 10105152 
040 |a GR-MyUa  |b gre  |e AACR2 
041 0 |a gre 
082 7 |a 551.6   |2 (22) 
100 1 |a Παπαδημητρίου, Κυριακή. 
245 1 0 |a Χωροθέτηση αυτόματων μετεωρολογικών σταθμών στη νήσο Λέσβο με τη χρήση μεθόδων γεωπληροφορικής :   |b μεταπτυχιακή διατριβή /   |c Παπαδημητρίου Κυριακή ; επιβλέπων καθηγητής: Φείδας Χαράλαμπος. 
260 |c 2007. 
300 |a 145 σ. :   |b εικ., χάρτ. ;   |c 30 εκ. 
502 |a Διατριβή (μεταπτυχιακή) – Πανεπιστήμιο Αιγαίου, Λέσβος, 2007. 
504 |a Βιβλιογραφία: σ. 131-134. 
650 0 0 |a Geographic information systems  |x Case studies. 
650 0 0 |a Meteorology  |x Geographic information systems. 
650 0 |a Meteorological stations, Radar  |z Greece  |z Lesbos (Municipality) 
650 0 0 |a Dissertations, Academic  |z Greece. 
700 1 |a Φείδας, Χαράλαμπος,  |e dgs 
710 2 |a Πανεπιστήμιο Αιγαίου  |b Σχολή Κοινωνικών Επιστημών  |b Τμήμα Γεωγραφίας  |b Μεταπτυχιακό Πρόγραμμα Σπουδών Γεωγραφία και Εφαρμοσμένη Γεωπληροφορική. 
852 |a INST  |b LESVOS  |c DIATR  |e 20090618  |h 15  |p 005100045610  |q 005100045610  |t MTXE  |y 23 
852 |a INST  |b LESVOS  |c DIATR  |e 20090618  |h 16  |p 005100045611  |q 005100045611  |t MTXE  |y 23 
856 |u http://hdl.handle.net/11610/11252 
901 |a BIBL1-2009-2 
924 |a Παπαδημητρίου  |b Κυριακή  |y Λέσβος  |z 2007-06 
970 |a ΤΖΑΦΕΡΗ  |b ΕΥΑΓΓΕΛΙΑ  |z 2009/06/18